| 000 | 00846nam a2200253 i 4500 | ||
|---|---|---|---|
| 001 | 38399 | ||
| 003 | ES-MaACL | ||
| 005 | 20250513063018.0 | ||
| 007 | t| | ||
| 008 | 030225s1960 sp f |||| | spa d | ||
| 100 | 1 |
_aCalderón de la Barca, Pedro, _d1600-1681 _eaut _9239594 |
|
| 245 | 1 | 0 |
_aTeatro selecto / _cPedro Calderón de la Barca ; notas, M. Menéndez Pelayo. |
| 260 |
_a[Barcelona : _bMaucci, _c1960] ( _fSalvá) |
||
| 300 |
_a643 p., 7 lám. ; _c18 cm. |
||
| 505 | 8 | _aContiene: La vida es sueño ; El alcalde de Zalamea ; El médico de su honra | |
| 650 | 1 | 4 |
_a _9239528 |
| 700 | 1 |
_aMenéndez y Pelayo, Marcelino, _d1856-1912 _980332 |
|
| 740 | 3 | 2 | _aLa vida es sueño. |
| 740 | 3 | 2 | _aEl alcalde de Zalamea. |
| 740 | 3 | 2 | _aEl médico de su honra. |
| 852 |
_aES-MaACL _jC-2697 |
||
| 942 | _2udc | ||
| 999 |
_c38399 _d38399 |
||